| 000 | 01007nam a2200337 c 4500 | ||
|---|---|---|---|
| 001 | 53562 | ||
| 003 | ES-MaCES | ||
| 005 | 20250211131726.0 | ||
| 008 | 250207s2024 ssp 000|0 spad | ||
| 017 |
_aM 18333-2024 _bDL |
||
| 020 | _a9788430990757 | ||
| 040 |
_aES-MaCES _bspa _cES-MaCES |
||
| 100 | 1 |
_934712 _aHarguindéguy, Jean-Baptiste |
|
| 245 | 1 | 0 |
_aAnálisis de políticas públicas _cJean-Baptiste Harguindéguy |
| 250 | _a4ª ed | ||
| 260 |
_aMadrid _bTecnos _c2024 |
||
| 300 |
_a285 p. _c24 p. |
||
| 500 | _aÍndices | ||
| 504 | _aBibliografía: p. 257-282 | ||
| 541 | _cCompra | ||
| 650 | 4 |
_aadministración pública _927214 |
|
| 650 | 4 |
_apolítica gubernamental _927211 |
|
| 650 | 4 |
_aasignación de recursos _927024 |
|
| 650 | 4 |
_aelaboración del presupuesto _928277 |
|
| 650 | 4 |
_atoma de decisiones _928194 |
|
| 650 | 4 |
_aEspaña _926964 |
|
| 650 | 4 |
_amanual _929264 |
|
| 653 | 1 | 0 | _aAdministración-Instituciones públicas |
| 902 | _aLIB Libro | ||
| 942 |
_2CES _cBK _h6.3. |
||
| 999 |
_c53562 _d53562 |
||